|
|
|
|
| LEADER |
00000nam0a2200000 4500 |
| 001 |
32803 |
| 005 |
20231030205352.0 |
| 035 |
|
|
|a (RuTPU)RU\TPU\book\33105
|
| 035 |
|
|
|a BOOK00001194
|
| 090 |
|
|
|a 32803
|
| 100 |
|
|
|a 20011210d1987 m y0rusy50 ca
|
| 101 |
0 |
|
|a rus
|
| 102 |
|
|
|a RU
|
| 105 |
|
|
|a а z 000zy
|
| 200 |
1 |
|
|a Занимательные математические игры
|f Е. Я. Гик
|
| 205 |
|
|
|a 2-е изд., испр. и доп.
|
| 210 |
|
|
|a Москва
|c Знание
|d 1987
|
| 215 |
|
|
|a 157 с.
|c ил.
|
| 225 |
1 |
|
|a Народный университет. Естественнонаучный факультет
|
| 320 |
|
|
|a Библиогр.: с. 158.
|
| 610 |
1 |
|
|a математика
|
| 610 |
1 |
|
|a занимательная математика
|
| 610 |
1 |
|
|a игры
|
| 610 |
1 |
|
|a тестовые игры
|
| 610 |
1 |
|
|a игры со словами
|
| 610 |
1 |
|
|a шахматные игры
|
| 610 |
1 |
|
|a шашечные игры
|
| 610 |
1 |
|
|a крестики-нолики
|
| 610 |
1 |
|
|a рэндзю
|
| 610 |
1 |
|
|a го
|
| 675 |
|
|
|a 51-8
|v 3
|
| 700 |
|
1 |
|a Гик
|b Е. Я.
|g Евгений Яковлевич
|
| 801 |
|
0 |
|a RU
|b 63413507
|c 20011210
|g PSBO
|
| 801 |
|
2 |
|a RU
|b 63413507
|c 20070809
|g PSBO
|
| 942 |
|
|
|c BK
|